| 000 | 02892cam a22004454i 4500 | ||
|---|---|---|---|
| 003 | PE-LiUPU | ||
| 005 | 20250731165404.0 | ||
| 008 | 151002s2014 pe a grm 000 0 spa d | ||
| 035 | _a(Sirsi) a154753 | ||
| 040 |
_aPE-LiUPU _bspa _cPE-LiUPU _erda |
||
| 099 |
_aTIS 3 _bS21 2014 |
||
| 100 | 1 |
_aSantillán Aching, Omar _eautor |
|
| 245 | 1 |
_aImplementación de un modelo basado en Fundamentos S3m® Process Model alineado a Business Process Modeling y su influencia en el proceso de mantenimiento de sofware aplicado al área de Desarrollo de Sistemas de DIGESI Universidad Peruana Unión, filial Juliaca / _cOmar Santillán Aching. |
|
| 264 | 0 | _c2014. | |
| 300 |
_a138 hojas : _bilustraciones; _c30 cm |
||
| 336 |
_atext _2rdacontent |
||
| 337 |
_aunmediated _2rdamedia |
||
| 338 |
_avolume _2rdacarrier |
||
| 502 |
_aTesis _b(Mg.) -- _cUniversidad Peruana Unión, _d2014 |
||
| 504 | _aIncluye referencias bibliográficas | ||
| 520 | 3 | _aEl presente trabajo de investigación muestra una solución respecto a la implementación de un modelo basado en Fundamentos de S3m® Process Model alineado a Business Process Modeling (BPM) y su influencia en el proceso de mantenimiento de software aplicado al área de Desarrollo de Sistemas de DIGESI Universidad Peruana Unión Filial Juliaca. Los cuales tienen como propósito principal determinar en cuánto influye el modelo de Fundamentos de S3m® Procesos Model alineado a Business Process Modeling (BPM) en los procesos de mantenimiento de software, es decir respecto a la integración de los Fundamentos de S3m® Procesos Model y Business Process Modeling (BPM). Donde se ven plasmado grandes resultados de la solución planteada, en caso el Área de Desarrollo y Soporte determine el cumplimiento de las especificaciones propuestas, dentro de ellos podemos mencionar: una buena documentación, mejora de los procesos de mantenimiento de software y la eficiencia en los procesos de mantenimiento de software. Entonces podemos decir que la integración de los fundamentos Fundamentos de S3m® Procesos Model y Business Process Modeling (BPM), si influye en el proceso de mantenimiento de software aplicado al Área de Desarrollo y Soporte de Sistemas de DIGESI Universidad Peruana Unión Filial Juliaca, Concluyendo que si es muy beneficiosa la implementación planteada. | |
| 526 | _aSEG44 | ||
| 526 | _aSEG26 | ||
| 526 | _aP151 | ||
| 526 | _aP150 | ||
| 526 | _aP149 | ||
| 526 | _aP146 | ||
| 526 | _aP145 | ||
| 526 | _aP126 | ||
| 526 | _aP125 | ||
| 526 | _aP92 | ||
| 526 | _aP75 | ||
| 526 | _aP74 | ||
| 526 | _aP27 | ||
| 526 | _aP15 | ||
| 650 | 0 | 4 |
_aUniversidad Peruana Unión _xInnovaciones tecnológicas |
| 596 | _a1 | ||
| 942 |
_2ddc _cTESIS |
||
| 999 |
_aTIS 3 S21 2014 _wALPHANUM _c7453 _iT01669 _lCCODEBUL3 _mBUL _r1 _sY _tTESIS _u2015-10-2 _xPOSGRADO _PP74 _o.STAFF. Tesis _d7453 |
||
| 980 |
_81 _gALBERTO SANCHEZ Responsable de Automatización |
||